Note on the use of translocated and contact herbicides (Record no. 64063)

MARC details
000 -LEADER
fixed length control field 00398nam a2200157Ia 4500
100 ## - MAIN ENTRY--AUTHOR NAME
Personal name Ananth K C
245 #0 - TITLE STATEMENT
Title Note on the use of translocated and contact herbicides
260 ## - PUBLICATION, DISTRIBUTION, ETC. (IMPRINT)
Name of publisher Rubber Board Bulletin
Year of publication 1966
300 ## - PHYSICAL DESCRIPTION
Number of Pages 211-217
650 ## - SUBJECT ADDED ENTRY--TOPICAL TERM
Topical Term Herbicides
650 ## - SUBJECT ADDED ENTRY--TOPICAL TERM
Topical Term Rubber
700 ## - ADDED ENTRY--PERSONAL NAME
Personal name Jacob K T
700 ## - ADDED ENTRY--PERSONAL NAME
Personal name Sethuraj M R
942 ## - ADDED ENTRY ELEMENTS (KOHA)
Koha item type Journals
Holdings
Withdrawn status Lost status Damaged status Not for loan Home library Current library Shelving location Date acquired Serial Enumeration / chronology Koha item type
      Journals RRII Library RRII Library Soils and agonomy 17/12/2021 Volume 8, Issue 4 Journals